<?xml version="1.0" encoding="UTF-8"?>
<record
    xmlns:xsi="http://www.w3.org/2001/XMLSchema-instance"
    xsi:schemaLocation="http://www.loc.gov/MARC21/slim http://www.loc.gov/standards/marcxml/schema/MARC21slim.xsd"
    xmlns="http://www.loc.gov/MARC21/slim">

  <leader>02610nam a2200313   4500</leader>
  <controlfield tag="001">113689</controlfield>
  <controlfield tag="003">DR-UNIBE</controlfield>
  <controlfield tag="005">20250527112417.0</controlfield>
  <controlfield tag="008">250527b2001    dr ||||| |||| 00| 0 spa d</controlfield>
  <datafield tag="040" ind1=" " ind2=" ">
    <subfield code="a">BIBLIOTECA UNIBE</subfield>
    <subfield code="c">BIBLIOTECA UNIBE</subfield>
    <subfield code="b">spa</subfield>
    <subfield code="e">rda</subfield>
  </datafield>
  <datafield tag="041" ind1=" " ind2=" ">
    <subfield code="a">spa</subfield>
  </datafield>
  <datafield tag="082" ind1=" " ind2=" ">
    <subfield code="2">22</subfield>
    <subfield code="a">RD 355.8241 S718m 2001</subfield>
  </datafield>
  <datafield tag="100" ind1="1" ind2="0">
    <subfield code="a">Soto Jim&#xE9;nez, Jos&#xE9; Miguel, </subfield>
    <subfield code="d">1956-</subfield>
    <subfield code="9">48567</subfield>
    <subfield code="e">autor</subfield>
  </datafield>
  <datafield tag="245" ind1="1" ind2="4">
    <subfield code="a">Los motivos del machete : </subfield>
    <subfield code="b">reflexiones, apuntes y notas para una interpretaci&#xF3;n cuartelaria de la historia y la sociedad dominicana</subfield>
    <subfield code="c">Jos&#xE9; Miguel Soto Jim&#xE9;nez ; dise&#xF1;o de portada, &#xED;ndice onom&#xE1;stico, bibliograf&#xED;a y cuidado de edici&#xF3;n : Ar&#xED;stides Inch&#xE1;ustegui, Blanca Delgado Malag&#xF3;n ; fotograf&#xED;as : Leonel Castillo</subfield>
  </datafield>
  <datafield tag="250" ind1=" " ind2=" ">
    <subfield code="a">Segunda edici&#xF3;n aumentada y corregida</subfield>
  </datafield>
  <datafield tag="260" ind1=" " ind2=" ">
    <subfield code="a">Santo Domingo : </subfield>
    <subfield code="b">Editora Corripio, </subfield>
    <subfield code="c">2001</subfield>
  </datafield>
  <datafield tag="300" ind1=" " ind2=" ">
    <subfield code="a">587 p&#xE1;ginas : </subfield>
    <subfield code="b">fotos b/n ;</subfield>
    <subfield code="c">22 x 15 cm</subfield>
  </datafield>
  <datafield tag="504" ind1=" " ind2=" ">
    <subfield code="a">Informaci&#xF3;n del autor en la contraportada, Portada: machete de guerra del general Pedro Santana Familia, foto: Max Pou, ambientaci&#xF3;n; Jos&#xE9; Miura, realizaci&#xF3;n de la   portada: Jorge De Soto</subfield>
  </datafield>
  <datafield tag="505" ind1=" " ind2=" ">
    <subfield code="a">Jos&#xE9; Miguel Soto Jim&#xE9;nez : agradecimiento |
Andr&#xE9;s L. Mateo : Los motivo del machete, palabras de presentaci&#xF3;n a la primera edici&#xF3;n  |
Los motivos del machete |
Sac&#xE1;ndole filo al machete  |
l intrincado destino de la espada |
La genealog&#xED;a del machete |
Los senderos inescrutable del machete |
El machete necesario |
La virgen de los macheteros |
A machetazo limpio |
Del Coup De Couteau Al Coup D &#xE9;tat |
Machete y machete |
El machete como arma de la Revoluci&#xF3;n Burguesa |
El mismo machete para dos supuestas revoluciones Burguesas inconclusas  |
La locura sacramental del machete  |
El machete de la locura  |
El machete del orden |
El tr&#xE1;nsito del machete al Col&#xED;n |
El machete es su pedestal  |
Bibliograf&#xED;a  |
&#xCD;ndice onom&#xE1;stico
</subfield>
  </datafield>
  <datafield tag="650" ind1=" " ind2="7">
    <subfield code="2">lemb</subfield>
    <subfield code="a">Fuerzas Armadas -- Pol&#xED;tica y gobierno -- Rep&#xFA;blica Dominicana</subfield>
    <subfield code="9">195976</subfield>
  </datafield>
  <datafield tag="651" ind1=" " ind2="7">
    <subfield code="2">lemb</subfield>
    <subfield code="a"> Rep&#xFA;blica Dominicana -- Fuerzas Armadas -- Historia</subfield>
    <subfield code="9">195966</subfield>
  </datafield>
  <datafield tag="651" ind1=" " ind2="7">
    <subfield code="2">lemb</subfield>
    <subfield code="a">Rep&#xFA;blica Dominicana -- Militares -- Historia</subfield>
    <subfield code="9">195967</subfield>
  </datafield>
  <datafield tag="700" ind1="1" ind2="0">
    <subfield code="a">Inch&#xE1;ustegui, Ar&#xED;stides, </subfield>
    <subfield code="d">1938 -</subfield>
    <subfield code="9">68117</subfield>
    <subfield code="e">dise&#xF1;ador de portada</subfield>
    <subfield code="e">&#xED;ndice onom&#xE1;stico</subfield>
    <subfield code="e">cuidado de la edici&#xF3;n</subfield>
    <subfield code="e">bibli&#xF3;grafo</subfield>
  </datafield>
  <datafield tag="700" ind1="1" ind2="0">
    <subfield code="a">Delgado Malag&#xF3;n, Blanca</subfield>
    <subfield code="e">dise&#xF1;ador de portada</subfield>
    <subfield code="e">&#xED;ndice onom&#xE1;stico</subfield>
    <subfield code="e">cuidado de la edici&#xF3;n</subfield>
    <subfield code="q">bibli&#xF3;grafo</subfield>
    <subfield code="9">195970</subfield>
  </datafield>
  <datafield tag="700" ind1="1" ind2="0">
    <subfield code="a">Castillo, Leonel</subfield>
    <subfield code="9">68062</subfield>
    <subfield code="e">reproductor de fotos</subfield>
  </datafield>
  <datafield tag="700" ind1="1" ind2="0">
    <subfield code="a">Miura, Jos&#xE9;</subfield>
    <subfield code="d">1948-</subfield>
    <subfield code="9">195972</subfield>
    <subfield code="e">ambientador</subfield>
  </datafield>
  <datafield tag="700" ind1="1" ind2="0">
    <subfield code="a">De Soto, Jorge</subfield>
    <subfield code="9">195973</subfield>
    <subfield code="e">realizador de portada</subfield>
  </datafield>
  <datafield tag="942" ind1=" " ind2=" ">
    <subfield code="2">ddc</subfield>
    <subfield code="c">BK</subfield>
  </datafield>
  <datafield tag="999" ind1=" " ind2=" ">
    <subfield code="c">113689</subfield>
    <subfield code="d">113689</subfield>
  </datafield>
  <datafield tag="952" ind1=" " ind2=" ">
    <subfield code="0">0</subfield>
    <subfield code="1">0</subfield>
    <subfield code="2">ddc</subfield>
    <subfield code="7">0</subfield>
    <subfield code="8">GEN-RD</subfield>
    <subfield code="a">Principal</subfield>
    <subfield code="d">2025-04-08</subfield>
    <subfield code="l">0</subfield>
    <subfield code="o">RD 355.8241 S718m 2001</subfield>
    <subfield code="p">250607</subfield>
    <subfield code="r">2025-05-27 10:54:57</subfield>
    <subfield code="t">Ej. 1</subfield>
    <subfield code="w">2025-05-27</subfield>
    <subfield code="y">BK</subfield>
  </datafield>
</record>
